| 000 | 01264nam2a22002411 4500 | ||
|---|---|---|---|
| 001 | rc\412793 | ||
| 005 | 20250621134520.0 | ||
| 035 | _a(NLR Aleph) 005806252 | ||
| 090 |
_a5346076 _c5346076 |
||
| 100 | _a20030616d1987 |||y0rusy50 ca | ||
| 101 | 0 | _arus | |
| 102 | _aRU | ||
| 105 | _ay ||||||||| | ||
| 200 | 0 |
_a1983-1986 гг. _f[Составитель Полякова Н.Б.] |
|
| 210 |
_d1987 _aБ. м. |
||
| 215 | _a24, [1] с. | ||
| 461 | 0 |
_1001rc\412792 _12001#$aАттестация и рационализация рабочих мест на машиностроительных предприятиях$eАннот. указ. лит.$fВНИИ информ. и техн.-экон. исслед. в электротехнике$v1983-1986 гг. _95346068 _cМ. _d1987 _fВНИИ информ. и техн.-экон. исслед. в электротехнике _nИн-т "Информэлектро" _oАннот. указ. лит. _tАттестация и рационализация рабочих мест на машиностроительных предприятиях _v1983-1986 гг. |
|
| 702 | 1 |
_aПолякова _bН.Б. _4220 |
|
| 801 | 0 |
_aRU _bNLR _gpsbo |
|
| 801 | 1 |
_aRU _bELAR _2rusmarc |
|
| 852 |
_aNLR _bС _jК-2/4062 |
||
| 942 | _cBOOK | ||
| 980 | _aNB | ||